System design through MATLAB, Control Toolbox and SIMULINK / (Record no. 175909)

000 -LEADER
fixed length control field 01030 a2200205 4500
003 - CONTROL NUMBER IDENTIFIER
control field Nust
005 - DATE AND TIME OF LATEST TRANSACTION
control field 20220720171601.0
010 ## - LIBRARY OF CONGRESS CONTROL NUMBER
LC control number 00044675
020 ## - INTERNATIONAL STANDARD BOOK NUMBER
International Standard Book Number 1852333375 (pbk. : alk. paper)
040 ## - CATALOGING SOURCE
Transcribing agency Nust
082 00 - DEWEY DECIMAL CLASSIFICATION NUMBER
Classification number 003.8511353042,SIN
100 1# - MAIN ENTRY--PERSONAL NAME
Personal name Singh, Krishna Kumari,
9 (RLIN) 94165
245 10 - TITLE STATEMENT
Title System design through MATLAB, Control Toolbox and SIMULINK /
Statement of responsibility, etc. Krishna Singh and Gayatri Agnihotri.
260 ## - PUBLICATION, DISTRIBUTION, ETC.
Place of publication, distribution, etc. London ;
-- New York :
Name of publisher, distributor, etc. Springer,
Date of publication, distribution, etc. c2001.
300 ## - PHYSICAL DESCRIPTION
Extent xxiv, 487 p. :
Other physical details ill. ;
Dimensions 24 cm.
505 ## - FORMATTED CONTENTS NOTE
Formatted contents note Introduction Page xix, System Representation and Modeling( Page- 1), Model Manipulation (Page -57), Getting Information from the Models, Model Analysis (Page- 147),The control System Toolbox's GUIs (Page -199), Control System Design Through Simulink (Page- 253), Design of Compensators for Systems (Page 271), Some Simple Applications (Page 337), Some Complex Applications( Page 391).
650 #0 - SUBJECT ADDED ENTRY--TOPICAL TERM
Topical term or geographic name entry element System design.
9 (RLIN) 2255
700 1# - ADDED ENTRY--PERSONAL NAME
Personal name Agnihotri, Gayatri,
Dates associated with a name 1947-
9 (RLIN) 94166
942 ## - ADDED ENTRY ELEMENTS (KOHA)
Koha item type Book
Source of classification or shelving scheme
Call number prefix 003.8511353042,SIN
Holdings
Withdrawn status Lost status Source of classification or shelving scheme Damaged status Not for loan Permanent Location Current Location Shelving location Date acquired Full call number Barcode Date last seen Price effective from Koha item type Public note
          Military College of Signals (MCS) Military College of Signals (MCS) General Stacks 12/12/2016 003.85011353042,SIN MCS28308 12/08/2016 12/12/2016 Book Almirah No.1, Shelf No.3
© 2023 Central Library, National University of Sciences and Technology. All Rights Reserved.